|
|
|
|
| LEADER |
01033nam a2200241 a 4500 |
| 008 |
090726s1980 enk 000 0 eng d |
| 020 |
|
|
|a 0192815482 :
|c £1.50
|
| 020 |
|
|
|a 0192834126
|
| 040 |
|
|
|a DLC
|c DLC
|d DLC
|
| 082 |
0 |
0 |
|a 891.72/3
|2 19
|
| 100 |
1 |
|
|a Chekhov, Anton Pavlovich,
|d 1860-1904.
|
| 240 |
1 |
0 |
|a Plays.
|l English.
|k Selections
|
| 245 |
1 |
0 |
|a Five plays /
|c Anton Chekhov ; translated and with an introd. by Ronald Hingley.
|
| 260 |
|
|
|a Oxford ;
|a New York :
|b Oxford University Press,
|c 1980.
|
| 300 |
|
|
|a xxxi, 294 p. ;
|c 19 cm.
|
| 490 |
0 |
|
|a The World's classics
|
| 505 |
0 |
|
|a Ivanov.--The seagull.--Uncle Vanya.--Three sisters.--The cherry orchard.
|
| 541 |
1 |
|
|e 00014448
|
| 600 |
1 |
0 |
|a Chekhov, Anton Pavlovich,
|d 1860-1904
|x Translations into English.
|
| 700 |
1 |
|
|a Hingley, Ronald.
|
| 852 |
4 |
|
|a Ayesha Abed Library
|j General shelf
|
| 999 |
|
|
|c 2822
|d 2822
|
| 952 |
|
|
|0 0
|1 4
|2 ddc
|4 0
|6 891_723000000000000_CHE
|7 0
|9 2584
|a BRACUL
|b BRACUL
|c GEN
|d 2009-07-26
|g 465.00
|l 0
|o 891.723 CHE
|p 3010014448
|r 2009-07-26
|t 1
|w 2009-07-26
|y BK
|x Koha Inventory 2020
|